[Event "55th Biel Master Open"]
[Site "Biel SUI"]
[Date "2022.07.18"]
[Round "5.17"]
[White "Bharath, Subramaniyam H"]
[Black "Papadiamandis, Elliot"]
[Result "1-0"]
[WhiteTitle "GM"]
[BlackTitle "IM"]
[WhiteElo "2479"]
[BlackElo "2369"]
[WhiteFideId "46634827"]
[BlackFideId "36074160"]
[EventDate "2022.07.13"]

1. e4 c5 2. Nf3 d6 3. Bb5+ Nd7 4. d4 cxd4 5. Nxd4 Nf6 6. O-O g6 7. Re1 Bg7 8.
Bf1 Nc5 9. Nc3 O-O 10. a4 Bd7 11. a5 Rc8 12. f3 a6 13. Be3 Re8 14. Qd2 Qc7 15.
Ra3 Qb8 16. Qf2 e5 17. Nb3 Be6 18. Nxc5 dxc5 19. Na4 c4 20. Nb6 Rc6 21. Rd1 Rd8
22. Raa1 Bf8 23. c3 Be7 24. Be2 Rxd1+ 25. Rxd1 Qc7 26. Nd5 Bxd5 27. exd5 Rd6 28.
Bb6 Qc8 29. Bc5 Nd7 30. Bxd6 Bxd6 31. Kh1 f5 32. Qh4 Qc7 33. Qxc4 Qd8 34. g3 Nf6
35. b4 Kg7 36. Qd3 h5 37. Qd2 Qe7 38. c4 Bxb4 39. d6 Bxd2 40. dxe7 Bxa5 41. Rd7
Kf7 42. Rxb7 Ng8 43. c5 Nxe7 44. c6 Kf6 45. c7 Ke6 46. Bxa6 Kd6 47. c8=Q Nxc8
48. Rb5 1-0

[Event "55th Biel Master Open"]
[Site "Biel SUI"]
[Date "2022.07.18"]
[Round "5.18"]
[White "Stijve, Theo"]
[Black "Rathanvel, V S"]
[Result "1/2-1/2"]
[WhiteTitle "FM"]
[BlackTitle "IM"]
[WhiteElo "2394"]
[BlackElo "2478"]
[WhiteFideId "1331132"]
[BlackFideId "25002112"]
[EventDate "2022.07.13"]

1. e4 c5 2. Nf3 d6 3. Bb5+ Nd7 4. d4 cxd4 5. Nxd4 Nf6 6. O-O a6 7. Bd3 Nc5 8.
Re1 e5 9. Nf3 h6 10. c4 Nxd3 11. Qxd3 Be7 12. Nc3 O-O 13. Nd2 Be6 14. Nf1 Rc8
15. b3 Nd7 16. Bb2 Nc5 17. Qe2 f5 18. exf5 Rxf5 19. Ng3 Rf7 20. Rad1 Qa5 21. Ba1
Qb6 22. Nge4 Nxe4 23. Nxe4 Qc6 24. Nc3 Rcf8 25. Rf1 Qb6 26. Nd5 Bxd5 27. Rxd5
Bg5 28. c5 Qc6 29. Rxd6 Qxc5 30. Qxe5 Qc2 31. Qb2 Rc8 32. a4 Qf5 33. Rdd1 Rc2
34. Qe5 1/2-1/2

[Event "55th Biel Master Open"]
[Site "Biel SUI"]
[Date "2022.07.18"]
[Round "5.19"]
[White "Pavlovic, Milos"]
[Black "Karthik, Rajaa"]
[Result "1/2-1/2"]
[WhiteTitle "GM"]
[BlackTitle "FM"]
[WhiteElo "2461"]
[BlackElo "2331"]
[WhiteFideId "900389"]
[BlackFideId "25035215"]
[EventDate "2022.07.13"]

1. e4 c6 2. Nf3 d5 3. d3 Bg4 4. h3 Bh5 5. Qe2 e6 6. g4 Bg6 7. h4 dxe4 8. dxe4 h5
9. g5 Qc7 10. Nc3 Nd7 11. Bd2 Bd6 12. O-O-O O-O-O 13. Nd4 Ne7 14. Bh3 Bf4 15.
Bxe6 fxe6 16. Nxe6 Bxd2+ 17. Qxd2 Qe5 18. Nxd8 Rxd8 19. Rh3 Qc7 20. Rd3 Bf7 21.
f4 Ng6 22. Rd6 Ngf8 23. Qd4 Qb6 24. Qd2 Qc7 25. f5 Re8 26. Qd4 Ne5 27. Qxa7 Nfd7
28. Na4 b5 29. Qa8+ Nb8 30. Nc5 b4 31. g6 Bc4 32. Kb1 Qb6 33. Nd7 Nxd7 34. Rxd7
Be2 35. R1d4 Ba6 36. b3 Bb7 37. Rxb7 Qxb7 38. Qa5 Qc7 39. Qxb4 c5 40. Qb5 Qc6
41. Qxc6+ Nxc6 42. Rd5 Rxe4 43. Rxc5 Kd7 44. f6 gxf6 45. Rxh5 1/2-1/2

[Event "55th Biel Master Open"]
[Site "Biel SUI"]
[Date "2022.07.18"]
[Round "5.20"]
[White "Aziz, Husain"]
[Black "Licznerski, Lukasz"]
[Result "0-1"]
[WhiteTitle "IM"]
[BlackTitle "IM"]
[WhiteElo "2380"]
[BlackElo "2451"]
[WhiteFideId "12100293"]
[BlackFideId "1179250"]
[EventDate "2022.07.13"]

1. e4 c6 2. d4 d5 3. exd5 cxd5 4. Bd3 Nc6 5. c3 Nf6 6. h3 g6 7. Nf3 Bf5 8. Ne5
Nxe5 9. dxe5 Bxd3 10. Qxd3 Ne4 11. Nd2 Nxd2 12. Bxd2 Bg7 13. f4 Rc8 14. O-O-O e6
15. Kb1 Rc6 16. Be3 Qa5 17. g4 O-O 18. Bd4 Ra6 19. a3 Rc8 20. f5 Bf8 21. Rh2 Qa4
22. Rf1 Qb3 23. fxe6 Rxe6 24. Rhf2 Rc7 25. Qc2 Qb5 26. Ka2 Bg7 27. Qb3 Qxb3+ 28.
Kxb3 a6 29. Rd1 Bxe5 30. Bxe5 Rxe5 31. Rfd2 Rc5 32. Kc2 h5 33. Rd4 hxg4 34. hxg4
Kg7 35. a4 Rc4 36. a5 Rxd4 37. Rxd4 Kh6 38. b4 Kg5 39. c4 dxc4 40. Rd7 Rb5 41.
Kc3 Kxg4 42. Rxf7 g5 43. Kxc4 Kg3 44. Rc7 g4 45. Rc5 Rxc5+ 46. Kxc5 Kf4 0-1

[Event "55th Biel Master Open"]
[Site "Biel SUI"]
[Date "2022.07.18"]
[Round "5.22"]
[White "Gurel, Ediz"]
[Black "Lou, Vincent"]
[Result "1-0"]
[WhiteTitle "IM"]
[WhiteElo "2435"]
[BlackElo "2200"]
[WhiteFideId "44507356"]
[BlackFideId "1334972"]
[EventDate "2022.07.13"]

1. e4 c5 2. Nf3 d6 3. d4 cxd4 4. Nxd4 Nf6 5. Nc3 a6 6. h3 e5 7. Nde2 h5 8. g3
Be7 9. Bg2 b5 10. Nd5 Nbd7 11. Nxe7 Qxe7 12. Nc3 Bb7 13. Bg5 Qe6 14. O-O O-O 15.
h4 Rac8 16. Nd5 Bxd5 17. exd5 Qf5 18. c3 Rfe8 19. a4 e4 20. axb5 axb5 21. Ra6
Nxd5 22. Rxd6 N7f6 23. Qe2 e3 24. Qf3 exf2+ 25. Qxf2 Qxf2+ 26. Rxf2 Re1+ 27. Rf1
Re5 28. Rd1 Ne3 29. Re1 Nfg4 30. Bb7 Rb8 31. Bf4 Re7 32. Bf3 Rbe8 33. Rb6 Nc4
34. Rxe7 Rxe7 35. Rb8+ Kh7 36. Rxb5 Re1+ 37. Kg2 g6 38. Bxg4 hxg4 39. Rb4 Na5
40. Kf2 Rb1 41. Ke2 Kg7 42. Kd3 Nc6 43. Rb6 Ne7 44. Be5+ Kh6 45. Rb7 Nd5 46. c4
f6 47. Bd4 Nf4+ 48. gxf4 g3 49. Ke2 g2 50. c5 Rc1 51. Kf3 Rd1 52. Bf2 g1=Q 53.
Bxg1 Rxg1 54. c6 Rc1 55. c7 f5 56. b4 Kh5 57. c8=Q 1-0

[Event "55th Biel Master Open"]
[Site "Biel SUI"]
[Date "2022.07.18"]
[Round "5.23"]
[White "Krishna, C R G"]
[Black "Kittler, Thorsten"]
[Result "1-0"]
[WhiteTitle "IM"]
[BlackTitle "FM"]
[WhiteElo "2430"]
[BlackElo "2226"]
[WhiteFideId "5018625"]
[BlackFideId "4607660"]
[EventDate "2022.07.13"]

1. d4 Nf6 2. Nf3 e6 3. e3 b6 4. Bd3 Bb7 5. O-O Be7 6. c4 O-O 7. Nc3 d6 8. b3
Nbd7 9. Bb2 Re8 10. d5 e5 11. Nd2 Bf8 12. Qc2 g6 13. b4 a5 14. a3 Qe7 15. Rae1
Bg7 16. Qb1 Qd8 17. h3 Nf8 18. Qc2 N6d7 19. e4 Qe7 20. Nb3 axb4 21. axb4 c6 22.
Ra1 c5 23. Ba3 cxb4 24. Bxb4 Nc5 25. Bxc5 bxc5 26. Na5 Qd7 27. Nb5 Reb8 28. Nxb7
Rxa1 29. Rxa1 Rxb7 30. Ra6 1-0

[Event "55th Biel Master Open"]
[Site "Biel SUI"]
[Date "2022.07.18"]
[Round "5.24"]
[White "Hilby, Craig"]
[Black "Aaron, Deepak"]
[Result "1/2-1/2"]
[WhiteTitle "IM"]
[WhiteElo "2422"]
[BlackElo "2221"]
[WhiteFideId "2062674"]
[BlackFideId "2009412"]
[EventDate "2022.07.13"]

1. Nf3 Nf6 2. d4 e6 3. g3 d5 4. Bg2 b5 5. O-O Bd6 6. a4 b4 7. c4 bxc3 8. Nxc3
Nbd7 9. Nb5 O-O 10. Nxd6 cxd6 11. Nd2 Rb8 12. b3 Qb6 13. Ba3 a5 14. Re1 Ba6 15.
e3 Rfc8 16. Rc1 e5 17. Bb2 Rxc1 18. Qxc1 Rc8 19. Bc3 Qc7 20. Bb2 Qb6 21. Bc3 Qc7
22. Bb2 1/2-1/2

[Event "55th Biel Master Open"]
[Site "Biel SUI"]
[Date "2022.07.18"]
[Round "5.25"]
[White "Peyrer, Konstantin"]
[Black "Mahitosh, Dey"]
[Result "1-0"]
[WhiteTitle "FM"]
[BlackTitle "FM"]
[WhiteElo "2406"]
[BlackElo "2212"]
[WhiteFideId "1640879"]
[BlackFideId "25091468"]
[EventDate "2022.07.13"]

1. g3 g6 2. Bg2 Bg7 3. c4 c5 4. Nc3 Nc6 5. d3 b6 6. h4 h5 7. Bg5 Bb7 8. Nh3 Nf6
9. Rc1 d6 10. Qa4 Qd7 11. O-O O-O 12. b4 Rfd8 13. bxc5 dxc5 14. Rfd1 Nd4 15.
Qxd7 Rxd7 16. Bxb7 Rxb7 17. Bxf6 Bxf6 18. Kf1 e6 19. Ne4 Bg7 20. e3 Nc6 21. Ke2
Rd8 22. f3 Rbd7 23. Nhf2 f5 24. Nc3 Bxc3 25. Rxc3 e5 26. Rg1 Kg7 27. Nh3 Nb4 28.
a3 Nxd3 29. Rb1 e4 30. f4 Kf6 31. Kf1 Rb7 32. Ng1 Rdb8 33. Rcb3 a6 34. Ne2 b5
35. Nc3 b4 36. Ne2 Rd8 37. Kg2 Rbd7 38. a4 a5 39. Kf1 Kf7 40. Ra1 Ke6 41. Kg2
Nc1 42. Rxc1 Rd2 43. Kf2 Ra2 44. Rbb1 Rdd2 45. Re1 Rxa4 46. Red1 Rxd1 47. Rxd1
b3 48. Nc3 Rxc4 49. Nb1 Rc2+ 50. Ke1 Rg2 51. Na3 a4 52. Nc4 b2 53. Na3 Rh2 54.
Kf1 Ke7 55. Rb1 Ke6 56. Rd1 Ke7 57. Rb1 Kf7 58. Re1 Rd2 59. Rb1 Rd3 60. Nc2 a3
61. Ke2 c4 62. Nxa3 c3 63. Ke1 Rd2 64. Rd1 c2 65. Kxd2 1-0

[Event "55th Biel Master Open"]
[Site "Biel SUI"]
[Date "2022.07.18"]
[Round "5.26"]
[White "Kamber, Bruno"]
[Black "Ajay Krishna, S"]
[Result "0-1"]
[WhiteTitle "FM"]
[BlackTitle "IM"]
[WhiteElo "2225"]
[BlackElo "2372"]
[WhiteFideId "1300504"]
[BlackFideId "5096430"]
[EventDate "2022.07.13"]

1. e4 c5 2. Nf3 d6 3. d4 cxd4 4. Qxd4 Nc6 5. Qe3 Nf6 6. Be2 g6 7. O-O Bg7 8. Rd1
O-O 9. h3 Nd7 10. Nc3 a6 11. Bd2 b5 12. Rab1 Bb7 13. a4 b4 14. Nd5 a5 15. Bb5
Nc5 16. c3 b3 17. c4 e6 18. Nc3 Nb4 19. Qe2 Na2 20. Nxa2 bxa2 21. Ra1 Bxb2 22.
Rxa2 Bg7 23. e5 Bxf3 24. Qxf3 dxe5 25. Be3 Qe7 26. Bc6 Rad8 27. Rb1 Rb8 28. Rb5
Nb3 29. Bb7 Nd4 30. Bxd4 exd4 31. c5 Be5 32. Qe4 Bc7 33. Kf1 Rfd8 34. Rd2 Qg5
35. Rd1 d3 36. c6 Qf6 37. Rb3 d2 38. Qe3 Rd5 39. Ba6 Rxb3 40. Qxb3 Qd4 41. Be2
Bb6 42. Qg3 Rf5 43. Bf3 Rg5 44. Bg4 h5 45. c7 Bxc7 46. Qxc7 hxg4 47. hxg4 Qxg4
48. Rxd2 Qxg2+ 49. Ke2 Qe4+ 50. Kf1 Rh5 51. Rd8+ Kg7 52. Qc3+ e5 53. f3 Qb1+ 0-1

[Event "55th Biel Master Open"]
[Site "Biel SUI"]
[Date "2022.07.18"]
[Round "5.27"]
[White "Asllani, Dorian"]
[Black "Herrera Reyes, Jose Antonio"]
[Result "0-1"]
[BlackTitle "FM"]
[WhiteElo "2220"]
[BlackElo "2345"]
[WhiteFideId "1341332"]
[BlackFideId "2274914"]
[EventDate "2022.07.13"]

1. d4 Nf6 2. c4 c5 3. d5 b5 4. cxb5 a6 5. e3 e6 6. Nc3 exd5 7. Nxd5 Bb7 8. Nxf6+
Qxf6 9. Nf3 Be7 10. Be2 axb5 11. Bxb5 O-O 12. O-O h6 13. Qe2 d5 14. Rd1 Rd8 15.
a4 Nc6 16. Rb1 Qg6 17. Bd3 Qh5 18. b3 Nb4 19. Bb5 d4 20. exd4 Qg6 21. Bd2 Nc6
22. Qf1 cxd4 23. Rbc1 Na7 24. Bd3 Qh5 25. Be2 Bd6 26. h3 Re8 27. Be1 Nc6 28.
Nxd4 Qe5 29. Nf3 Qe7 30. Bb5 Ne5 31. Nxe5 Bxe5 32. Bxe8 Rxe8 33. Qb5 Bf4 34. Bd2
Bxd2 35. Rxd2 Qe4 36. Qf1 Qg6 37. Rc3 Re1 38. f3 Qb1 39. Rf2 Ba6 40. Rc4 Rxf1+
41. Rxf1 Qxb3 42. Rcc1 Bxf1 43. Rxf1 Qxa4 44. Re1 f5 45. Kh1 Kf7 46. Rc1 Kf6 47.
Rf1 Qf4 48. Re1 Kg5 49. Kg1 Kh4 50. Re6 g5 51. Rxh6+ Kg3 52. h4 Qc1# 0-1

[Event "55th Biel Master Open"]
[Site "Biel SUI"]
[Date "2022.07.18"]
[Round "5.28"]
[White "Unuk, Laura"]
[Black "Li, Dominique"]
[Result "1-0"]
[WhiteTitle "IM"]
[WhiteElo "2340"]
[BlackElo "2212"]
[WhiteFideId "14609215"]
[BlackFideId "5400724"]
[EventDate "2022.07.13"]

1. d4 Nf6 2. c4 e6 3. Nf3 d5 4. Nc3 c6 5. e3 Nbd7 6. Be2 dxc4 7. Bxc4 Bd6 8. e4
e5 9. dxe5 Nxe5 10. Nxe5 Bxe5 11. Qxd8+ Kxd8 12. Bxf7 Ke7 13. Bb3 Be6 14. f3
Bxb3 15. axb3 Bd4 16. Ke2 Rhd8 17. Rd1 Rd7 18. Be3 Bxe3 19. Kxe3 g5 20. Ne2 a5
21. Nd4 Ra6 22. h4 gxh4 23. Nf5+ Ke6 24. Rxd7 Nxd7 25. Kd4 Rb6 26. Kc3 Nc5 27.
Nd4+ Kf6 28. Rxa5 h3 29. Rxc5 hxg2 30. Rf5+ Kg6 31. Ne2 Kh6 32. Rf4 Rb5 33. Rh4+
Kg7 34. Rg4+ Kf6 35. Rxg2 Rh5 36. f4 Rh1 37. b4 h5 38. e5+ Kf7 39. Ng3 Rh3 40.
Kd4 h4 41. Ne4 Rh1 42. f5 h3 43. e6+ Kf8 44. Rd2 h2 45. Ke5 c5 46. f6 1-0

[Event "55th Biel Master Open"]
[Site "Biel SUI"]
[Date "2022.07.18"]
[Round "5.29"]
[White "Tanmay, Chopra"]
[Black "Kornitzky, Tino"]
[Result "1-0"]
[WhiteTitle "FM"]
[WhiteElo "2322"]
[BlackElo "2141"]
[WhiteFideId "25630946"]
[BlackFideId "12970379"]
[EventDate "2022.07.13"]

1. d4 Nf6 2. c4 e6 3. Nf3 d5 4. Nc3 Nbd7 5. Bf4 dxc4 6. e3 Nb6 7. Bxc4 Nxc4 8.
Qa4+ c6 9. Qxc4 Nd5 10. Bg3 Qb6 11. Qe2 Nxc3 12. bxc3 Qb5 13. a4 Qxe2+ 14. Kxe2
f6 15. a5 Kd7 16. e4 Be7 17. h4 h5 18. Nd2 Rh6 19. Bf4 Rh7 20. Nc4 g6 21. e5 f5
22. Nd6 Bxd6 23. exd6 c5 24. Be5 Kc6 25. Kd3 Bd7 26. Kc4 cxd4 27. cxd4 Rc8 28.
Rhc1 b6 29. a6 b5+ 30. Kb4+ Kb6 31. d5 Rxc1 32. Bd4+ 1-0

[Event "55th Biel Master Open"]
[Site "Biel SUI"]
[Date "2022.07.18"]
[Round "5.30"]
[White "Collin, Moritz Valentin"]
[Black "Sahithi Varshini M"]
[Result "0-1"]
[BlackTitle "WIM"]
[WhiteElo "2129"]
[BlackElo "2312"]
[WhiteFideId "1342932"]
[BlackFideId "45095248"]
[EventDate "2022.07.13"]

1. d4 Nf6 2. c4 e6 3. Nc3 Bb4 4. e3 O-O 5. Bd2 b6 6. Nf3 Bb7 7. Bd3 d5 8. cxd5
exd5 9. O-O Nbd7 10. Rc1 a6 11. Ne5 Bd6 12. f4 c5 13. Qf3 b5 14. a3 cxd4 15.
exd4 Nb6 16. Be1 Be7 17. Bh4 Rb8 18. Rfe1 h6 19. Rc2 Re8 20. Rce2 Ne4 21. Bxe7
Rxe7 22. Nxd5 Qxd5 23. Qxe4 Qxe4 24. Bxe4 Bxe4 25. Rxe4 Rbe8 26. g4 f6 27. h4
Nd5 28. Kg2 fxe5 29. dxe5 Nf6 30. Rd4 Nxg4 31. Kf3 h5 32. Rd6 Re6 33. Red1 g6
34. R1d2 Nh6 35. Ke4 Nf5 0-1

[Event "55th Biel Master Open"]
[Site "Biel SUI"]
[Date "2022.07.18"]
[Round "5.31"]
[White "Kolbus, Dietmar"]
[Black "Popiol, Michal"]
[Result "0-1"]
[WhiteTitle "IM"]
[BlackTitle "CM"]
[WhiteElo "2285"]
[BlackElo "2118"]
[WhiteFideId "4610628"]
[BlackFideId "1144472"]
[EventDate "2022.07.13"]

1. c4 Nf6 2. Nc3 g6 3. e4 d6 4. d4 Bg7 5. Bd3 O-O 6. Nge2 Nc6 7. f3 Nd7 8. Be3
e5 9. d5 Nd4 10. Nb5 Nxb5 11. cxb5 Nc5 12. Bc2 f5 13. b4 fxe4 14. fxe4 Nd7 15.
Qd2 Rf7 16. O-O-O Nf6 17. h3 Bd7 18. Nc3 a5 19. bxa6 bxa6 20. Qd3 Nh5 21. Rdf1
Nf4 22. Qd2 Qb8 23. a3 a5 24. bxa5 Rxa5 25. Nb1 Qb5 26. Rf2 Ra8 27. g3 Nh5 28.
Rxf7 Kxf7 29. Bd3 Qb3 30. g4 Nf4 31. Bc2 Qc4 32. Bxf4 exf4 33. Qxf4+ Kg8 34. Kd1
Ba4 35. Bxa4 Qxa4+ 36. Kc1 Qc4+ 37. Kd1 Qd4+ 38. Ke2 Qc4+ 39. Kd1 Qd3+ 40. Nd2
Rxa3 41. Ke1 Ra1+ 42. Kf2 Rxh1 0-1

[Event "55th Biel Master Open"]
[Site "Biel SUI"]
[Date "2022.07.18"]
[Round "5.32"]
[White "Aydin, Gulenay"]
[Black "Schwander, Lukas"]
[Result "1-0"]
[WhiteTitle "WFM"]
[WhiteElo "2100"]
[BlackElo "2274"]
[WhiteFideId "34557431"]
[BlackFideId "1328727"]
[EventDate "2022.07.13"]

1. e4 e5 2. Nf3 Nc6 3. Nc3 Nf6 4. Bb5 Nd4 5. O-O c6 6. Bd3 Nxf3+ 7. Qxf3 d6 8.
Be2 g6 9. d3 Bg7 10. Qg3 h5 11. f4 Qb6+ 12. Kh1 h4 13. Qe1 Nh5 14. Bxh5 Rxh5 15.
Be3 Qxb2 16. fxe5 Qa3 17. d4 dxe5 18. d5 Bd7 19. Rb1 b6 20. Rb3 Qe7 21. a4 Qd6
22. a5 c5 23. Qf2 f5 24. axb6 axb6 25. Rfb1 f4 26. Bd2 Rb8 27. Nb5 Bxb5 28. Rxb5
Bf6 29. c4 Bd8 30. Ra1 Rh7 31. Qf3 Qd7 32. Bc3 Qd6 33. Qg4 Rg7 34. Be1 Qd7 35.
Qf3 Rh7 36. Bc3 Rh5 37. h3 Rb7 38. Kh2 Rb8 39. Kh1 Rg5 40. Be1 Rh5 41. Bf2 Rb7
42. Kh2 Rh6 43. Qc3 Rh5 44. Rb3 Qd6 45. Qf3 Rhh7 46. Rb5 Rbg7 47. Ra8 Ra7 48.
Rc8 Rhc7 49. Rxc7 Rxc7 50. Qg4 Ra7 51. Bxh4 Bxh4 52. Qxh4 Ra4 53. Qh8+ Kd7 54.
Qg7+ Kc8 55. Qg8+ Kb7 56. Qf7+ Qc7 57. Qe6 Ra8 58. d6 Qc6 59. Qe7+ Kc8 60. Rxb6
Qd7 61. Qf8+ Qd8 62. d7+ 1-0

[Event "55th Biel Master Open"]
[Site "Biel SUI"]
[Date "2022.07.18"]
[Round "5.33"]
[White "Marentini, Marcel"]
[Black "Schnepp, Gunnar"]
[Result "1/2-1/2"]
[BlackTitle "FM"]
[WhiteElo "2053"]
[BlackElo "2265"]
[WhiteFideId "1318730"]
[BlackFideId "1604503"]
[EventDate "2022.07.13"]

1. Nf3 Nf6 2. c4 e6 3. g3 d5 4. Bg2 dxc4 5. Na3 Bxa3 6. bxa3 O-O 7. Qc2 Nbd7 8.
Bb2 Rb8 9. Qxc4 b5 10. Qc2 Bb7 11. O-O c5 12. Rfe1 Qa5 13. Rac1 Rbc8 14. d3 h6
15. Qb1 Nd5 16. e4 N5b6 17. Bc3 Qxa3 18. Qxb5 Ba6 19. Qb1 Na4 20. Qa1 Nxc3 21.
Rxc3 Qa4 22. Rec1 c4 23. dxc4 Rxc4 24. Rxc4 Bxc4 25. a3 Nb6 1/2-1/2

[Event "55th Biel Master Open"]
[Site "Biel SUI"]
[Date "2022.07.18"]
[Round "5.34"]
[White "Sadeghi, Hassan Roger"]
[Black "Dishman, Stephen"]
[Result "1/2-1/2"]
[BlackTitle "FM"]
[WhiteElo "2068"]
[BlackElo "2252"]
[WhiteFideId "1304712"]
[BlackFideId "403024"]
[EventDate "2022.07.13"]

1. f4 d5 2. Nf3 g6 3. g3 Bg7 4. Bg2 Nh6 5. d3 d4 6. c3 c5 7. e4 dxe3 8. Bxe3 Nd7
9. d4 Nf5 10. Bf2 Qc7 11. O-O O-O 12. Na3 a6 13. Nc2 Rb8 14. Qe2 Re8 15. g4 Nd6
16. Bg3 cxd4 17. Nfxd4 e5 18. fxe5 Nxe5 19. h3 Bd7 20. Qf2 Qc5 21. Rad1 f6 1/2-1/2

[Event "55th Biel Master Open"]
[Site "Biel SUI"]
[Date "2022.07.18"]
[Round "5.36"]
[White "Mamedov, Edgar"]
[Black "Meduri, Aakaash"]
[Result "1/2-1/2"]
[WhiteTitle "CM"]
[WhiteElo "2227"]
[BlackElo "2000"]
[WhiteFideId "13739980"]
[BlackFideId "2032252"]
[EventDate "2022.07.13"]

1. d4 d5 2. c4 e6 3. Nf3 c6 4. Nc3 dxc4 5. g3 b5 6. Bg2 Bb7 7. O-O Nd7 8. e4
Ngf6 9. e5 Nd5 10. Ng5 N7b6 11. Qh5 g6 12. Qf3 Qd7 13. Nge4 h6 14. a4 b4 15.
Nxd5 Nxd5 16. a5 Ba6 17. Nf6+ Nxf6 18. Qxf6 Rg8 19. Rd1 Bb5 20. Be3 Rd8 21. Qf3
Qc7 22. Qe4 h5 23. h3 Be7 24. Kh2 Rd7 25. f4 Qc8 26. Qc2 Qa6 27. Qe4 Kd8 28.
Rdc1 Kc7 29. Rd1 Rgd8 30. Qc2 Kb8 31. Bf2 Kc7 32. Be3 Kb8 33. Bf2 c5 34. dxc5
Rxd1 35. Rxd1 Rd3 36. Be4 Rxd1 37. Qxd1 Qxa5 38. Bg2 Kc7 39. Qf3 Qa6 40. Qa8 c3
41. bxc3 bxc3 42. Be1 c2 43. Ba5+ Qxa5 44. Qb7+ Kd8 45. Qa8+ Kc7 46. Qb7+ 1/2-1/2

[Event "55th Biel Master Open"]
[Site "Biel SUI"]
[Date "2022.07.18"]
[Round "5.37"]
[White "Foerster-Yialamas, Lucas"]
[Black "Dushyant, Sharma"]
[Result "0-1"]
[WhiteTitle "CM"]
[BlackTitle "IM"]
[WhiteElo "2147"]
[BlackElo "2416"]
[WhiteFideId "30901774"]
[BlackFideId "25065130"]
[EventDate "2022.07.13"]

1. e4 e5 2. Nf3 Nc6 3. Bb5 a6 4. Ba4 f5 5. d4 exd4 6. exf5 Qe7+ 7. Qe2 Qxe2+ 8.
Kxe2 Nge7 9. Rd1 b5 10. Bb3 Nxf5 11. g4 Nfe7 12. a4 Rb8 13. axb5 axb5 14. Bf4 d6
15. Nxd4 Bxg4+ 16. f3 Nxd4+ 17. Rxd4 Bf5 18. Ra7 Nc6 19. Bf7+ Kd7 20. Rd5 Nxa7
21. Rxf5 g6 22. Rf6 Ke7 23. Bg5 h6 24. Bh4 g5 0-1

[Event "55th Biel Master Open"]
[Site "Biel SUI"]
[Date "2022.07.18"]
[Round "5.51"]
[White "Martirosyan, Haik M."]
[Black "Korley, Kassa"]
[Result "1/2-1/2"]
[WhiteTitle "GM"]
[BlackTitle "IM"]
[WhiteElo "2672"]
[BlackElo "2421"]
[WhiteFideId "13306553"]
[BlackFideId "2033801"]
[EventDate "2022.07.13"]

1. d4 d5 2. c4 e6 3. Nf3 a6 4. cxd5 exd5 5. Nc3 Nf6 6. Bg5 Be6 7. Qb3 Nbd7 8. e3
Bd6 9. Bd3 O-O 10. O-O Qb8 11. Bf4 c6 12. Bxd6 Qxd6 13. h3 Rfc8 14. Qc2 Rc7 15.
a3 Re8 16. b4 Nf8 17. Ne5 N6d7 18. f4 f6 19. Nf3 Bf7 20. Rae1 Nb6 21. Qd2 Qd8
22. g4 Nc8 23. g5 Nd6 24. gxf6 gxf6 25. Kh2 Bg6 26. Ne2 Bxd3 27. Qxd3 Ne6 28.
Rg1+ Ng7 29. Ng3 Kh8 30. Nh4 Qc8 31. Qd1 Rce7 32. Qf3 Nc4 33. e4 Nd2 34. Qg2
Nxe4 35. Nxe4 Qc7 36. Qg4 Rxe4 37. Rxe4 dxe4 38. Ng2 f5 39. Qg3 Qd6 40. Qc3 Rd8
41. Rd1 Qf6 42. Qc4 Qd6 43. Qc3 h6 44. Qg3 Ne6 45. Nh4 Nxd4 46. Nxf5 Qf6 47.
Nxd4 Rxd4 48. Qc3 Rd6 49. Qxf6+ Rxf6 50. Kg3 Kg7 51. Rd7+ Rf7 52. Rd6 Rf6 53.
Rd7+ Rf7 54. Rd6 Rf6 55. Rd7+ 1/2-1/2

[Event "55th Biel Master Open"]
[Site "Biel SUI"]
[Date "2022.07.19"]
[Round "6.1"]
[White "Visakh, N R"]
[Black "Aryan, Chopra"]
[Result "1/2-1/2"]
[WhiteTitle "GM"]
[BlackTitle "GM"]
[WhiteElo "2503"]
[BlackElo "2610"]
[WhiteFideId "25012223"]
[BlackFideId "5084423"]
[EventDate "2022.07.13"]

1. d4 Nf6 2. c4 e6 3. Nf3 b6 4. g3 Ba6 5. b3 Bb4+ 6. Bd2 Be7 7. Nc3 d5 8. cxd5
exd5 9. Bg2 O-O 10. O-O Re8 11. Ne5 Bb7 12. Rc1 Nbd7 13. Nb5 c5 14. Bf4 Nf8 15.
Nc4 Ne6 16. Nbd6 Nxf4 17. Nxb7 Nxe2+ 18. Qxe2 Qd7 19. Nxc5 Bxc5 20. Qd1 Bd6 21.
Ne3 Bf8 22. Qf3 Ne4 23. Qf4 Bd6 24. Qf5 Qxf5 25. Nxf5 Ba3 26. Rc7 Nf6 27. Bf3
Kf8 28. Ne3 1/2-1/2

[Event "55th Biel Master Open"]
[Site "Biel SUI"]
[Date "2022.07.19"]
[Round "6.2"]
[White "Alekseenko, Kirill"]
[Black "Pranav, Anand"]
[Result "1-0"]
[WhiteTitle "GM"]
[BlackTitle "IM"]
[WhiteElo "2708"]
[BlackElo "2463"]
[WhiteFideId "4135539"]
[BlackFideId "46626786"]
[EventDate "2022.07.13"]

1. e4 e5 2. Nf3 Nc6 3. Bc4 Bc5 4. Nc3 Nf6 5. d3 h6 6. h3 a6 7. a4 d6 8. Be3 Bxe3
9. fxe3 Be6 10. Nd2 Bxc4 11. Nxc4 O-O 12. O-O d5 13. exd5 Nxd5 14. e4 Nxc3 15.
bxc3 b5 16. Ne3 Ne7 17. Rf3 Qd7 18. Rg3 Qe6 19. Qh5 Kh7 20. Kh2 g6 21. Qg4 Qc6
22. axb5 axb5 23. Rf1 Ra6 24. Qh4 Qe8 25. Rgf3 Rc6 26. d4 Ng8 27. Nd5 exd4 28.
cxd4 Rxc2 29. e5 c5 30. Nf4 f6 31. Nxg6 Kxg6 32. Qe4+ Kg7 33. Qxc2 cxd4 34. Qc7+
Qf7 35. exf6+ Nxf6 36. Qe5 d3 37. Rxd3 1-0

[Event "55th Biel Master Open"]
[Site "Biel SUI"]
[Date "2022.07.19"]
[Round "6.3"]
[White "Fedoseev, Vladimir3"]
[Black "Iturrizaga Bonelli, Eduardo"]
[Result "1/2-1/2"]
[WhiteTitle "GM"]
[BlackTitle "GM"]
[WhiteElo "2686"]
[BlackElo "2619"]
[WhiteFideId "24130737"]
[BlackFideId "3901211"]
[EventDate "2022.07.13"]

1. d4 Nf6 2. c4 e6 3. Nf3 b6 4. g3 Bb7 5. Bg2 Be7 6. O-O O-O 7. h4 h6 8. Nc3 Ne4
9. d5 Nxc3 10. bxc3 Na6 11. Nd4 Nc5 12. e4 Ba6 13. Qe2 Re8 14. e5 exd5 15. Nf5
Bf6 16. Nxh6+ gxh6 17. Qg4+ Kh8 18. exf6 Qxf6 19. Be3 Kh7 20. Bxd5 c6 21. Bg2 d5
22. cxd5 Bxf1 23. Rxf1 cxd5 24. Bxd5 Rad8 25. c4 Re7 26. Qh3 Rg8 27. Bg5 Rxg5
28. hxg5 Qxg5 29. Rd1 Ne4 30. Qf1 Kg7 31. Qd3 Nf6 32. Qa3 Qe5 33. Kg2 Rd7 34.
Qb3 Rd6 35. a4 Rd7 36. Qb5 Rc7 37. Qb3 Rd7 38. Qf3 Re7 39. Rh1 Rd7 40. Rh4 a5
41. Qd1 Rd6 42. Rd4 Rd7 43. Rd3 Nxd5 44. cxd5 Rd6 45. Qg4+ Rg6 46. Qc4 Rd6 47.
Rd4 h5 48. Qd3 Kf8 49. Kf1 Kg7 50. f4 Qf6 51. Kg2 Kf8 52. Re4 Qb2+ 53. Kf3 Qa1
54. Qd4 Qf1+ 55. Ke3 Qe1+ 56. Kd3 Qd1+ 57. Ke3 1/2-1/2